| 000 | 00819 a2200169 4500 | ||
|---|---|---|---|
| 003 | Nust | ||
| 005 | 20230123100644.0 | ||
| 040 | _cNust | ||
| 082 | _a371,SMI | ||
| 100 |
_aW. O. Lester Smith _9107354 |
||
| 245 |
_aTo whom do schools belong: _ban introduction to the study of school government / _cW.O.Lester Smith |
||
| 260 |
_aNew York _bShakespeare head press _c1945 |
||
| 300 | _a240,p: | ||
| 505 | _aIntroduction (Page-11), The Claim of the State (Page-25), The Educational Background of the English compromise (Page-25), Social and Administrative aspect of the comprise (Page-87), The Compromise extended to higher Education (Page-132), The School as a society and its relationship to the community (Page-158), Postscript (Page-175). | ||
| 650 |
_aTo whom do schools belong _9107355 |
||
| 942 |
_2ddc _cBK _k371,SMI |
||
| 999 |
_c185993 _d185993 |
||